Als diputats de la Mancomunitat de Catalunya / Enric Prat de la Riba
Descripción Física:
10 p. ; 22 cm
Materias:
Prat de la Riba, Enric -- Discursos
MARC
| LEADER | 00000nam a2200000Ia 4500 | ||
|---|---|---|---|
| 001 | 1081 | ||
| 008 | 160829s1917 (Barcelona : Imp. de la Casa de Caritat) xx 000 0 cat d | ||
| 080 | |a RF-4-26 | ||
| 100 | |a Prat de la Riba, Enric, |d 1870-1917 |9 25299 | ||
| 245 | |a Als diputats de la Mancomunitat de Catalunya / Enric Prat de la Riba | ||
| 260 | |a Sitges : |b [s.n.], |c 1917 (Barcelona : Imp. de la Casa de Caritat) | ||
| 300 | |a 10 p. ; |c 22 cm | ||
| 650 | |a Prat de la Riba, Enric |x Discursos |9 25746 | ||
| 856 | 4 | |u https://media.diba.cat/diba/fitxers/arxiu/fulletons/bib_1081_1917_baixa.pdf |y Accés lliure | |
| 856 | 4 | |u https://media.diba.cat/diba/fitxers/arxiu/fulletons/bib_1081_1917_baixa.pdf |y Accés lliure | |
| 901 | |a Arxiu | ||
| 942 | |n 1 |2 udc | ||
| 952 | |0 0 |1 0 |4 0 |6 RF426 |7 1 |9 43780 |a Arxiu |b Arxiu |d 2016-12-01 |l 0 |o RF-4-26 |p 1081 |r 2016-12-01 00:00:00 |w 2016-12-01 |y ARXIU | ||
| 999 | |c 46328 |d 46328 | ||
| 900 | |a bib_1081_1917_baixa.pdf | ||